| 000 | 00554nam a2200217Ia 4500 | ||
|---|---|---|---|
| 003 | OSt | ||
| 005 | 20220928145143.0 | ||
| 006 | a|||||r|||| 00| 0 | ||
| 007 | ta | ||
| 008 | 220927b |||||||| |||| 00| 0 eng d | ||
| 024 | _a79284 | ||
| 037 | _cTextual | ||
| 040 |
_aSDCL _cSDCL _beng |
||
| 041 |
_2eng _aeng |
||
| 082 | _aB3166:6, L5 | ||
| 100 |
_aDiestel Joseph _9511983 |
||
| 245 | 0 |
_aGeometry of Banach spaces _b Selected topics. |
|
| 260 | _c1975 | ||
| 942 |
_hB3166:6, L5 _cTEXL _2CC |
||
| 999 |
_c832388 _d832388 |
||